Fr. Conceicao Rodrigues College of Engineering

Low-power CMOS VLSI circuit design (Record no. 29411)

MARC details
000 -LEADER
fixed length control field 00338nam a2200157Ia 4500
082 ## - DEWEY DECIMAL CLASSIFICATION NUMBER
Classification number 621.395
Item number ROY
100 ## - MAIN ENTRY--PERSONAL NAME
Personal name Roy/Kaushik/ Prasad/sharat C
245 ## - TITLE STATEMENT
Title Low-power CMOS VLSI circuit design
260 ## - PUBLICATION, DISTRIBUTION, ETC.
Name of publisher, distributor, etc. Wiley
Date of publication, distribution, etc. 2000
366 ## - TRADE AVAILABILITY INFORMATION
Publishers's discount category 27
300 ## - PHYSICAL DESCRIPTION
Extent 359
546 ## - LANGUAGE NOTE
Language note ENGLISH
-- TTL
650 ## - SUBJECT ADDED ENTRY--TOPICAL TERM
Topical term or geographic name entry element CMOS
654 ## - SUBJECT ADDED ENTRY--FACETED TOPICAL TERMS
Focus term cmos
942 ## - ADDED ENTRY ELEMENTS (KOHA)
Koha item type BOOK
Holdings
Withdrawn status Lost status Damaged status Not for loan Collection Home library Current library Date acquired Source of acquisition Cost, normal purchase price Inventory number Total Checkouts Full call number Barcode Date last seen Cost, replacement price Price effective from Koha item type
        CRC Fr. Agnel's C.Rodrigues College of Engineering Fr. Agnel's C.Rodrigues College of Engineering 17/03/2023 Allied Publishers 473.77 959 dt 13.10.2014   621.395 ROY 23595 11/02/2025 649.00   BOOK
        CRC Fr. Agnel's C.Rodrigues College of Engineering Fr. Agnel's C.Rodrigues College of Engineering 17/03/2023 Allied Publishers 473.77 959 dt 13.10.2014   621.395 ROY 23596 17/03/2023 649.00   BOOK
        CRC Fr. Agnel's C.Rodrigues College of Engineering Fr. Agnel's C.Rodrigues College of Engineering 17/03/2023 Allied Publishers 473.77 959 dt 13.10.2014   621.395 ROY 23597 17/03/2023 649.00   BOOK
        CRC Fr. Agnel's C.Rodrigues College of Engineering Fr. Agnel's C.Rodrigues College of Engineering 17/03/2023 Allied Publishers 473.77 959 dt 13.10.2014   621.395 ROY 23598 17/03/2023 649.00   BOOK
        CRC Fr. Agnel's C.Rodrigues College of Engineering Fr. Agnel's C.Rodrigues College of Engineering 17/03/2023 Allied Publishers 473.77 959 dt 13.10.2014   621.395 ROY 23599 17/03/2023 649.00   BOOK